Right-wing politics and antisemitism in Europe, 1935-1940
| Titel: | Right-wing politics and antisemitism in Europe, 1935-1940 : a survey / Dieter Pohl |
|---|---|
| Verfasser: | |
| In: |
Right-wing politics and the rise of antisemitism in Europe 1935-1941, (2019), Seite 19-38 alle Artikel anzeigen |
| Veröffentlicht: | 2019 |
| Format: | Aufsatz |
| Sprache: | Englisch |
X
alg: 51769403 001A $03025:02-05-24 001B $03025:02-05-24 $t12:35:28.000 001D $03025:02-05-24 001U $0utf8 001X $00 002@ $0Aou 002C $aText $btxt $2rdacontent 002D $aohne Hilfsmittel zu benutzen $bn $2rdamedia 002E $aBand $bnc $2rdacarrier 003@ $0517694034 010@ $aeng 010E $erda 011@ $a2019 021A $aRight-wing politics and antisemitism in Europe, 1935-1940 $da survey $hDieter Pohl 028A $BVerfasser $4aut $7128495669 $8Pohl, Dieter$Z1964- [Tp1] $9158992598 031A $h19-38 $j2019 039B $aEnthalten in $8--Aau--. Right-wing politics and the rise of antisemitism in Europe 1935-1941. - Göttingen : Wallstein Verlag, [2019]. - 267 Seiten. - ISBN 3-8353-3347-X $x201900000000000981 $9435060511 044K $#Abendland $#Okzident $74015701-5 $8Europa [Tgz] $908503617X 044K $RRadikalismus $RFaschismus $RNeue Rechte $RRechtsradikaler $#Right-wing extremists $#Extrême droite $#Neonazismus $#Rechtsradikalismus $#Neonazismus $#Rechtsextremismus $74048829-9 $8Rechtsradikalismus [Ts1] $9085136093 044K $RRassismus $RFremdenfeindlichkeit $RJudenverfolgung $RAntijudaismus $#Antisemitism $#Antisémitisme $#Antisemitismus $#Antisemitismus $#Judenfeindschaft $#Judenhass $74002333-3 $8Antisemitismus [Ts1] $9084997346 045F $a909.04924094309043 $eDDC23BSB 045F/01 $a909.04924 045F/03 $f09043 045F/03 $f09044 045F/03 $g43 045F/03 $g4 045R $aGeschichte 1935-1940 lok: 51769403 78 exp: 51769403 78 1 #EPN 201B/01 $002-05-24 $t12:32:11.000 201C/01 $002-05-24 201U/01 $0utf8 203@/01 $01262025214 208@/01 $a02-05-24 $be 209A/01 $a/ $f000 $x00 209A/01 $ab*p $x01 220C/01 $apgar 244Z/01 $#Ostmitteleuropa $#Ostmitteleuropa $#Mitteleuropa, Ost $#Central Europe Ostmitteleuropa $#Mittelosteuropa $74075753-5 $8--Tg1--Ostmitteleuropa $x05 $9085214485 247C/01 $82080>Marburg/Lahn, Herder-Institut, Forschungsbibliothek, Bibliographieportal $9336309341
| LEADER | 00000naa a2200000 c 4500 | ||
|---|---|---|---|
| 001 | 517694034 | ||
| 003 | DE-603 | ||
| 005 | 20240502123528.0 | ||
| 007 | tu | ||
| 008 | 240502s2019 xx |||| | u00||u|eng c | ||
| 035 | |a (DE-599)HEB517694034 | ||
| 040 | |a DE-603 |b ger |c DE-603 |d DE-603 |e rda | ||
| 041 | |a eng | ||
| 082 | 0 | 4 | |8 1\u |a 909.04924094309043 |q DE-101 |2 23/BSB |
| 085 | |8 1\u |b 909.04924 | ||
| 085 | |8 1\u |z 1 |s 09043 | ||
| 085 | |8 1\u |z 1 |s 09044 | ||
| 085 | |8 1\u |z 2 |s 43 | ||
| 085 | |8 1\u |z 2 |s 4 | ||
| 100 | 1 | |a Pohl, Dieter |d 1964- |e Verfasser |4 aut |0 (DE-603)158992598 |0 (DE-588)128495669 |2 gnd | |
| 245 | 0 | 0 | |a Right-wing politics and antisemitism in Europe, 1935-1940 |b a survey |c Dieter Pohl |
| 264 | 0 | |c 2019 | |
| 336 | |a Text |b txt |2 rdacontent | ||
| 337 | |a ohne Hilfsmittel zu benutzen |b n |2 rdamedia | ||
| 338 | |a Band |b nc |2 rdacarrier | ||
| 648 | 7 | |a Geschichte 1935-1940 |2 gnd | |
| 650 | 7 | |a Rechtsradikalismus |0 (DE-588)4048829-9 |0 (DE-603)085136093 |2 gnd | |
| 650 | 7 | |a Antisemitismus |0 (DE-588)4002333-3 |0 (DE-603)084997346 |2 gnd | |
| 651 | 7 | |a Europa |0 (DE-588)4015701-5 |0 (DE-603)08503617X |2 gnd | |
| 773 | 0 | 8 | |i Enthalten in |t Right-wing politics and the rise of antisemitism in Europe 1935-1941 |d Göttingen : Wallstein Verlag, [2019] |h 267 Seiten |z 383533347X |z 9783835333475 |g (2019), Seite 19-38 |w (DE-603)435060511 |
| 924 | 0 | |9 2080 |a (DE-603)1262025214 |b DE-2080 |c HES |d d |g / | |


